00567 2200229 4500001002100000005001700021008004100038035002400079090001500103100001300118245003500131260002700166300002900193500002700222650001300249850001300262980001300275985000600288986001300294999001500307999001500322YOGYA-0209000001988320090227023031.0 ind  0010-020900000019883 a514bWah D aWAHYUDIN aDasar-dasar topologicWahyudin aBandungbTarsitoc1992 avi, 163 hlmbilusc21 cm aBibliografi : hlm. 163 aTopologi aYOPDYOGB a26/04/06 a2 aPKL-UGMM a95P0038500 a95P0038501